7A - 7x o alergii a astmatu pro školu : příručka pro učitele mateřských, základních a středních škol /

Hlavní autor: Richterová, Jarmila, 1964-
Korporativní autor: Česká iniciativa pro astma
Další autoři: Richter, Jan, Kubrichtová, Lenka
Jazyk: Čeština
Vydáno: Třebíč : D. Prchalová, 2009
Vydání: Vyd. 3.
Témata:
Externí odkaz: Digitalizovaný dokument
Fyzický popis: 30 s. : barev. il. ; 21 cm
Knihy
Uloženo v:
LEADER 02217nam a2200577 a 4500
001 nkc20092026564
003 CZ PrNK
005 20100811103933.0
007 ta
008 100208s2009 xr a e f 000 0 cze
015 |a cnb002026564 
020 |a 978-80-254-6593-6  |q (v knize neuvedeno ;  |q brož.)  |z 978-80-254-5403-9 
035 |a (OCoLC)607525744 
040 |a ABA001  |b cze 
072 7 |a 616  |x Patologie. Klinická medicína  |2 Konspekt  |9 14 
080 |a 616-02:616-092.19  |2 MRF 
080 |a 616-092.19  |2 MRF 
080 |a 616.248  |2 MRF 
080 |a 616-084  |2 MRF 
080 |a 373/378  |2 MRF 
080 |a (035)  |2 MRF 
100 1 |a Richterová, Jarmila,  |d 1964-  |7 jx20091021012  |4 aut 
245 1 0 |a 7A - 7x o alergii a astmatu pro školu :  |b příručka pro učitele mateřských, základních a středních škol /  |c Jarmila Richterová, Jan Richter, Lenka Kubrichtová 
246 3 |a Sedmkrát o alergii a astmatu pro školu 
246 3 0 |a 7x o alergii a astmatu pro školu 
250 |a Vyd. 3. 
260 |a Třebíč :  |b D. Prchalová,  |c 2009 
300 |a 30 s. :  |b barev. il. ;  |c 21 cm 
500 |a Název z obálky 
500 |a Na zadní s. obálky: Česká iniciativa pro astma 
650 0 7 |a alergie  |7 ph118341  |2 czenas 
650 0 7 |a alergické reakce  |7 ph134706  |2 czenas 
650 0 7 |a průduškové astma  |7 ph198730  |2 czenas 
650 0 7 |a prevence onemocnění  |7 ph137258  |2 czenas 
650 0 7 |a školy  |7 ph116830  |2 czenas 
650 0 9 |a allergy  |2 eczenas 
650 0 9 |a allergic responses  |2 eczenas 
650 0 9 |a bronchial asthma  |2 eczenas 
650 0 9 |a prevention of diseases  |2 eczenas 
650 0 9 |a schools  |2 eczenas 
655 7 |a příručky  |7 fd133209  |2 czenas 
655 9 |a handbooks and manuals  |2 eczenas 
700 1 |a Richter, Jan  |7 jx20091021011  |4 aut 
700 1 |a Kubrichtová, Lenka  |7 xx0032306  |4 aut 
710 2 |a Česká iniciativa pro astma  |7 nlk20020120349 
856 4 1 |u http://www.digitalniknihovna.cz/mzk/uuid/uuid:4bdab390-2792-11e4-8e0d-005056827e51  |y Digitalizovaný dokument  |x NDK 
910 2 |a BOA001  |b 2-1237.258 
990 |a BK 
995 |a 01 
991 |b 201003  |c NOV 
996 6 |b 2610410937  |c 2-1237.258  |l MZK  |r Sklad / do 1 hodiny  |n 0  |p p.v.  |w 001108328  |u 000010  |a 1  |e BOA001  |j MZK50  |s P